[Event "Rhein Main op-B 25th"]
[Site "Bad Homburg"]
[Date "2023.06.11"]
[Round "7"]
[White "Goodwin, David"]
[Black "Solinski, Reinert"]
[Result "1/2-1/2"]
[WhiteElo "1453"]
[BlackElo "1716"]
[PlyCount "35"]
[EventDate "2023.06.07"]
[EventType "swiss"]
[EventRounds "7"]
[EventCountry "GER"]
[SourceTitle "CBM 215 Extra"]
[Source "ChessBase"]
[SourceDate "2023.09.30"]
[SourceVersion "1"]
[SourceVersionDate "2023.09.30"]
[SourceQuality "1"]

1. Nf3 Nf6 2. g3 d5 3. Bg2 e6 4. d3 c5 5. 0-0 Bd6 6. Re1 0-0 7. e4 Bc7 8. e5 Nfd7 9. Bg5 f6 10. exf6 Nxf6 11. c4 Re8 12. Nc3 d4 13. Ne4 Nbd7 14. Bxf6 gxf6 15. Qd2 Qe7 16. Qh6 Qg7 17. Qxg7+ Kxg7 18. Nh4 1/2-1/2

[Event "Rhein Main op-B 25th"]
[Site "Bad Homburg"]
[Date "2023.06.08"]
[Round "3"]
[White "Lopez Fuertes, Victor"]
[Black "Goodwin, David"]
[Result "1/2-1/2"]
[WhiteElo "1660"]
[BlackElo "1453"]
[PlyCount "40"]
[EventDate "2023.06.07"]
[EventType "swiss"]
[EventRounds "7"]
[EventCountry "GER"]
[SourceTitle "CBM 215 Extra"]
[Source "ChessBase"]
[SourceDate "2023.09.30"]
[SourceVersion "1"]
[SourceVersionDate "2023.09.30"]
[SourceQuality "1"]

1. e4 g6 2. d4 Bg7 3. Nf3 d6 4. Be3 c5 5. Nc3 Bg4 6. dxc5 Qa5 7. Bd2 Qxc5 8. Be2 Nf6 9. h3 Bd7 10. 0-0 Qc8 11. Nh2 Nc6 12. Be3 h5 13. Rb1 a6 14. f4 Bh6 15. Rf3 b5 16. Bd3 Nb4 17. Qd2 Nxd3 18. cxd3 b4 19. Ne2 Qb7 20. Nd4 h4 1/2-1/2

[Event "Rhein Main op-B 24th"]
[Site "Bad Homburg"]
[Date "2022.06.16"]
[Round "2"]
[White "Goodwin, David"]
[Black "Ulowetz, Julius"]
[Result "1/2-1/2"]
[WhiteElo "1488"]
[BlackElo "954"]
[PlyCount "38"]
[EventDate "2022.06.15"]
[EventType "swiss"]
[EventRounds "7"]
[EventCountry "GER"]
[SourceTitle "EXT 2023"]
[Source "ChessBase"]
[SourceDate "2022.10.05"]
[SourceVersion "1"]
[SourceVersionDate "2022.10.05"]
[SourceQuality "1"]

1. e4 e6 2. Nf3 d5 3. exd5 exd5 4. g3 Nf6 5. d3 c5 6. Qe2+ Qe7 7. Qxe7+ Bxe7 8. Bg2 0-0 9. 0-0 Nc6 10. Bf4 Bf5 11. Nh4 Be6 12. c3 Nh5 13. Nf3 Nxf4 14. gxf4 Rfe8 15. d4 cxd4 16. Nxd4 Nxd4 17. cxd4 Rad8 18. Nc3 a6 19. a3 f6 1/2-1/2

[Event "Heusenstamm Sparkassen op-B 7th"]
[Site "Heusenstamm"]
[Date "2021.11.20"]
[Round "4.40"]
[White "Goodwin, David"]
[Black "Matsoukas, Konstantinos"]
[Result "1/2-1/2"]
[WhiteElo "1542"]
[BlackElo "1148"]
[PlyCount "146"]
[EventDate "2021.11.18"]
[EventType "swiss"]
[EventRounds "7"]
[EventCountry "GER"]
[SourceTitle "EXT 2023"]
[Source "ChessBase"]
[SourceDate "2022.10.05"]
[SourceVersion "1"]
[SourceVersionDate "2022.10.05"]
[SourceQuality "1"]

1. Nf3 d5 2. g3 Nc6 3. Bg2 e5 4. d3 Nf6 5. 0-0 Be6 6. Nbd2 Bc5 7. a3 a5 8. c4 0-0 9. Nb3 Ba7 10. Bg5 dxc4 11. Bxf6 Qxf6 12. dxc4 Bxc4 13. Nbd2 Ba6 14. Ne4 Qg6 15. Nh4 Qg4 16. h3 Qxe2 17. Qxe2 Bxe2 18. Rfe1 Ba6 19. Rac1 Rad8 20. Nc5 Rd2 21. Bxc6 bxc6 22. Rxe5 Bxc5 23. Rexc5 Rxb2 24. Rxc6 Bb7 25. Rxc7 Rd8 26. Nf5 h6 27. Ne3 Bf3 28. g4 Ra2 29. Rc8 Rxc8 30. Rxc8+ Kh7 31. Rc5 Rxa3 32. Rf5 Be4 33. Rxf7 Ra1+ 34. Kh2 a4 35. Nf5 Bxf5 36. gxf5 Kg8 37. Ra7 a3 38. Kg2 Ra2 39. Ra8+ Kf7 40. Ra5 Kf6 41. Kf3 g6 42. fxg6 Kxg6 43. h4 Ra1 44. h5+ Kf6 45. Kf4 a2 46. Ra6+ Kf7 47. Kf5 Ke7 48. f4 Kd7 49. Kf6 Kc7 50. f5 Kb7 51. Ra3 Kc7 52. Kf7 Kb7 53. f6 Kc7 54. Kf8 Kd7 55. f7 Kc7 56. Ra7+ Kb6 57. Ra3 Kb7 58. Kg7 Rg1+ 59. Kxh6 Rf1 60. Rxa2 Rxf7 61. Rg2 Kc6 62. Rg7 Rf8 63. Kh7 Kd6 64. h6 Ke6 65. Rg1 Kf7 66. Rf1+ Ke7 67. Re1+ Kf7 68. Ra1 Kf6 69. Rf1+ Ke7 70. Rxf8 Kxf8 71. Kh8 Kf7 72. Kh7 Kf8 73. Kg6 Kg8 1/2-1/2

[Event "Heusenstamm Sparkassen op-B 7th"]
[Site "Heusenstamm"]
[Date "2021.11.20"]
[Round "5.39"]
[White "Neininger, Sarah"]
[Black "Goodwin, David"]
[Result "1-0"]
[WhiteElo "1380"]
[BlackElo "1542"]
[PlyCount "105"]
[EventDate "2021.11.18"]
[EventType "swiss"]
[EventRounds "7"]
[EventCountry "GER"]
[SourceTitle "EXT 2023"]
[Source "ChessBase"]
[SourceDate "2022.10.05"]
[SourceVersion "1"]
[SourceVersionDate "2022.10.05"]
[SourceQuality "1"]

1. e4 g6 2. d4 Bg7 3. Nc3 d6 4. Be3 a6 5. Qd2 b5 6. Bd3 Bb7 7. Nge2 Nd7 8. 0-0 c5 9. dxc5 Nxc5 10. Bd4 e5 11. Be3 Nxd3 12. Qxd3 Qc7 13. Nd5 Bxd5 14. Qxd5 Rd8 15. c3 Nf6 16. Qd3 0-0 17. a4 Qc4 18. Qxc4 bxc4 19. f3 d5 20. exd5 Nxd5 21. Bc5 Rfe8 22. Rad1 Bh6 23. Rfe1 Be3+ 24. Bxe3 Nxe3 25. Rxd8 Rxd8 26. f4 Rd1 27. Rxd1 Nxd1 28. fxe5 Nxb2 29. a5 Nd3 30. Ng3 Nxe5 31. Ne4 Nc6 32. Nc5 Nxa5 33. Nxa6 f5 34. Nc5 Kf7 35. Kf2 Ke7 36. Ke3 Kd6 37. Na4 g5 38. Kd4 h5 39. Nb2 g4 40. Nxc4+ Nxc4 41. Kxc4 f4 42. Kd4 f3 43. gxf3 gxf3 44. Ke3 f2 45. Kxf2 Kd5 46. Kg3 Kc4 47. Kh4 Kxc3 48. Kxh5 Kd4 49. Kg6 Ke5 50. h4 Ke6 51. h5 Ke7 52. h6 Kf8 53. h7 1-0

[Event "Heusenstamm Sparkassen op-B 7th"]
[Site "Heusenstamm"]
[Date "2021.11.19"]
[Round "2.41"]
[White "Goodwin, David"]
[Black "Jumah, Shayan"]
[Result "0-1"]
[WhiteElo "1542"]
[BlackElo "1264"]
[PlyCount "86"]
[EventDate "2021.11.18"]
[EventType "swiss"]
[EventRounds "7"]
[EventCountry "GER"]
[SourceTitle "EXT 2023"]
[Source "ChessBase"]
[SourceDate "2022.10.05"]
[SourceVersion "1"]
[SourceVersionDate "2022.10.05"]
[SourceQuality "1"]

1. Nf3 e6 2. g3 f5 3. d3 Nf6 4. Bg2 d5 5. 0-0 Bd6 6. Nc3 c6 7. Re1 0-0 8. e4 fxe4 9. dxe4 Bc5 10. Nd4 Ng4 11. Be3 e5 12. Nxc6 Nxe3 13. fxe3 Nxc6 14. Na4 Qd6 15. exd5 Nd8 16. Qe2 b6 17. Rad1 Bb7 18. a3 Qd7 19. Nxc5 bxc5 20. e4 Nf7 21. Bf3 Rad8 22. Bg4 Qe7 23. Be6 Bc8 24. Bxc8 Rxc8 25. Qa6 Nd6 26. Qa4 Qb7 27. Rb1 c4 28. b4 Qb6+ 29. Kh1 Rf7 30. c3 Rcf8 31. Qc2 Rf2 32. Qd1 Ra2 33. Qg4 Rff2 34. Qe6+ Kh8 35. Qh3 Rxh2+ 36. Qxh2 Rxh2+ 37. Kxh2 Qf2+ 38. Kh3 h5 39. Rf1 Qe2 40. Rf8+ Kh7 41. Rbf1 g5 42. R1f2 Qxe4 43. R2f6 Qh1# 0-1

[Event "Heusenstamm Sparkassen op-B 6th"]
[Site "Heusenstamm"]
[Date "2019.11.24"]
[Round "7"]
[White "Goodwin, David"]
[Black "Draxler, Gottfried"]
[Result "1/2-1/2"]
[WhiteElo "1541"]
[BlackElo "1762"]
[PlyCount "33"]
[EventDate "2019.11.21"]
[EventType "swiss"]
[EventRounds "7"]
[EventCountry "GER"]
[SourceTitle "CBM 194 Extra"]
[Source "ChessBase"]
[SourceDate "2020.03.31"]
[SourceVersion "1"]
[SourceVersionDate "2020.03.31"]
[SourceQuality "1"]

1. Nf3 Nf6 2. g3 b6 3. Bg2 Bb7 4. d3 d5 5. 0-0 Nbd7 6. Nbd2 e5 7. c4 c6 8. a3 Be7 9. b4 a6 10. Bb2 Bd6 11. Rc1 0-0 12. Nh4 g6 13. Nb3 Rc8 14. d4 e4 15. c5 Bb8 16. Bh3 Rc7 17. Rc3 1/2-1/2

[Event "Rhein Main op-B 22nd"]
[Site "Bad Homburg"]
[Date "2019.06.23"]
[Round "7"]
[White "Brunner, Andreas"]
[Black "Goodwin, David"]
[Result "1/2-1/2"]
[WhiteElo "1437"]
[BlackElo "1546"]
[PlyCount "26"]
[EventDate "2019.06.19"]
[EventType "swiss"]
[EventRounds "7"]
[EventCountry "GER"]
[SourceTitle "EXT 2020"]
[Source "ChessBase"]
[SourceDate "2019.10.17"]
[SourceVersion "1"]
[SourceVersionDate "2019.10.17"]
[SourceQuality "1"]

1. d4 Nf6 2. Nf3 g6 3. Nc3 Bg7 4. Bg5 d6 5. Qd2 Nbd7 6. Bh6 0-0 7. Bxg7 Kxg7 8. 0-0-0 a6 9. e4 b5 10. b3 Bb7 11. Bd3 b4 12. Ne2 Nxe4 13. Bxe4 Bxe4 1/2-1/2

[Event "Rhein Main op-B 22nd"]
[Site "Bad Homburg"]
[Date "2019.06.21"]
[Round "4"]
[White "Tracy, Eliszabeth"]
[Black "Goodwin, David"]
[Result "1/2-1/2"]
[WhiteElo "1449"]
[BlackElo "1546"]
[PlyCount "105"]
[EventDate "2019.06.19"]
[EventType "swiss"]
[EventRounds "7"]
[EventCountry "GER"]
[SourceTitle "EXT 2020"]
[Source "ChessBase"]
[SourceDate "2019.10.17"]
[SourceVersion "1"]
[SourceVersionDate "2019.10.17"]
[SourceQuality "1"]

1. d4 Nf6 2. c4 g6 3. Nc3 Bg7 4. e4 d6 5. Bd3 a6 6. Nge2 Nbd7 7. f3 c5 8. d5 Ne5 9. Bc2 Nxc4 10. b3 Ne5 11. Bb2 b5 12. Ng3 Qa5 13. 0-0 Qb6 14. Kh1 Ned7 15. Nce2 0-0 16. Rb1 Ne8 17. Bxg7 Nxg7 18. Qd2 Ne5 19. f4 Nd7 20. Rfe1 Qd8 21. Ng1 Nb6 22. h3 e6 23. dxe6 fxe6 24. Rbd1 d5 25. N1e2 Bb7 26. Qc3 Qe7 27. Qe3 Rac8 28. exd5 Nxd5 29. Qe5 Qf6 30. Be4 Qxe5 31. fxe5 Ba8 32. Rc1 Nb6 33. Bxa8 Nxa8 34. Red1 Nf5 35. Ne4 Nb6 36. Nxc5 Ne3 37. Re1 Rf1+ 38. Rxf1 Nxf1 39. Nxa6 Ng3+ 40. Kh2 Nxe2 41. Rxc8+ Nxc8 42. Nc5 Nd4 43. a4 bxa4 44. bxa4 Kf7 45. Kg3 Nc6 46. Kf4 h6 47. g3 Nb6 48. g4 Nc4 49. Nd3 Nb6 50. Nc5 Nd5+ 51. Ke4 Nc3+ 52. Kd3 Nd5 53. Ke4 1/2-1/2

[Event "Rhein Main op-B 22nd"]
[Site "Bad Homburg"]
[Date "2019.06.19"]
[Round "1"]
[White "Goodwin, David"]
[Black "Achtmann, Armin Ludwig"]
[Result "0-1"]
[WhiteElo "1546"]
[BlackElo "1932"]
[PlyCount "136"]
[EventDate "2019.06.19"]
[EventType "swiss"]
[EventRounds "7"]
[EventCountry "GER"]
[SourceTitle "EXT 2020"]
[Source "ChessBase"]
[SourceDate "2019.10.17"]
[SourceVersion "1"]
[SourceVersionDate "2019.10.17"]
[SourceQuality "1"]

1. Nf3 d5 2. g3 g6 3. Bg2 Bg7 4. d3 Nf6 5. Nbd2 Nbd7 6. c4 c6 7. Rb1 0-0 8. 0-0 e5 9. cxd5 cxd5 10. b4 Re8 11. e4 Nb6 12. Bb2 d4 13. a4 Bd7 14. b5 a5 15. Ba3 Rc8 16. Bb2 Qe7 17. Ra1 Bg4 18. Qb3 Be6 19. Qd1 Bg4 20. h3 Bxf3 21. Bxf3 Qb4 22. Ba3 Qc3 23. Be2 Nfd7 24. Nc4 Nxc4 25. dxc4 Bh6 26. Qd3 Nc5 27. Bxc5 Rxc5 28. Ra3 Qxd3 29. Bxd3 f5 30. f3 Be3+ 31. Kg2 f4 32. Ra2 b6 33. g4 g5 34. Rh1 Re6 35. Rc2 Rh6 36. Re2 Rh4 37. Rc2 Kf7 38. Re2 Ke6 39. Rc2 Kd6 40. Rh2 Rc8 41. Rb2 Kc5 42. Rb1 Bd2 43. Rhh1 Rh8 44. Rhd1 Bc3 45. Rh1 h5 46. gxh5 R4xh5 47. Be2 Rc8 48. Bd3 Kd6 49. Rh2 Ke6 50. Rbh1 Rh4 51. Be2 Kf6 52. Rd1 Kg6 53. Rdh1 Bb4 54. Bd3 Rc7 55. Rd1 Rh8 56. Rdh1 Be7 57. Rc1 Rhc8 58. Be2 Kh5 59. h4 gxh4 60. Rh3 Rg8+ 61. Kf2 Rg3 62. Rxg3 fxg3+ 63. Kg2 Kg5 64. Bd3 Kf4 65. Re1 h3+ 66. Kxh3 Bb4 67. Rg1 Rh7+ 68. Kg2 Rh2+ 0-1

[Event "Hessen-chB"]
[Site "Frankfurt"]
[Date "2019.06.01"]
[Round "5"]
[White "Goodwin, David"]
[Black "Catalano, Enzo"]
[Result "1/2-1/2"]
[WhiteElo "1546"]
[BlackElo "1596"]
[PlyCount "35"]
[EventDate "2019.05.30"]
[EventType "swiss"]
[EventRounds "7"]
[EventCountry "GER"]
[SourceTitle "EXT 2020"]
[Source "ChessBase"]
[SourceDate "2019.10.17"]
[SourceVersion "1"]
[SourceVersionDate "2019.10.17"]
[SourceQuality "1"]

1. Nf3 Nf6 2. g3 g6 3. Bg2 Bg7 4. d3 d5 5. Nbd2 c5 6. c4 e6 7. 0-0 0-0 8. d4 cxd4 9. Nxd4 e5 10. Nc2 Nc6 11. cxd5 Nxd5 12. Nb3 Nb6 13. Ne3 Qe7 14. Nd5 Nxd5 15. Qxd5 Be6 16. Qc5 Qc7 17. Bd2 Rac8 18. Qc1 1/2-1/2

[Event "Hofheim Spring op-B 7th"]
[Site "Hofheim"]
[Date "2019.04.26"]
[Round "6"]
[White "Goodwin, David"]
[Black "Heymann, Walter"]
[Result "0-1"]
[WhiteElo "1533"]
[BlackElo "1726"]
[PlyCount "120"]
[EventDate "2019.04.23"]
[EventType "swiss"]
[EventRounds "9"]
[EventCountry "GER"]
[SourceTitle "CBM 190 Extra"]
[Source "ChessBase"]
[SourceDate "2019.07.15"]
[SourceVersion "1"]
[SourceVersionDate "2019.07.15"]
[SourceQuality "1"]

1. Nf3 d6 2. g3 c6 3. Bg2 Nf6 4. d3 e5 5. Nbd2 Be7 6. 0-0 Qc7 7. c4 a5 8. a4 Na6 9. Ne1 Bg4 10. h3 Be6 11. b3 Qd7 12. Kh2 h5 13. Ne4 Nh7 14. f4 f5 15. Ng5 Nxg5 16. fxg5 h4 17. Nf3 hxg3+ 18. Kxg3 f4+ 19. Kf2 Bxh3 20. Rh1 0-0-0 21. Rg1 Rh5 22. e3 Bxg2 23. Rxg2 fxe3+ 24. Bxe3 Rf8 25. Ke2 Rh3 26. Rf2 Qg4 27. Qg1 Rg3 28. Qh1 d5 29. cxd5 cxd5 30. Rg1 Rfxf3 31. Rxf3 Rxg1 32. Qxg1 Qxg1 33. Bxg1 Bxg5 34. Rf8+ Kd7 35. Rf7+ Be7 36. Rxg7 d4 37. Kd2 Nc5 38. Kc2 Ke6 39. Rg6+ Bf6 40. Bf2 Kf5 41. Rg8 Ke6 42. Rg6 Kf5 43. Rg8 Bg5 44. Bg3 Bf4 45. Rf8+ Kg4 46. Be1 Kf3 47. Bxa5 Ke2 48. Rg8 Nxd3 49. Rg2+ Nf2 50. Rg7 d3+ 51. Kb2 b6 52. Bxb6 d2 53. Rg1 Bh2 54. Rb1 Nd3+ 55. Kc2 e4 56. Bd4 Bf4 57. a5 Nc1 58. Rb2 d1Q+ 59. Kc3+ Bd2+ 60. Kc4 Nd3 0-1

[Event "Hofheim Spring op-B 7th"]
[Site "Hofheim"]
[Date "2019.04.24"]
[Round "3"]
[White "Schwarz, Matthias1111"]
[Black "Goodwin, David"]
[Result "0-1"]
[WhiteElo "1733"]
[BlackElo "1533"]
[PlyCount "82"]
[EventDate "2019.04.23"]
[EventType "swiss"]
[EventRounds "9"]
[EventCountry "GER"]
[SourceTitle "CBM 190 Extra"]
[Source "ChessBase"]
[SourceDate "2019.07.15"]
[SourceVersion "1"]
[SourceVersionDate "2019.07.15"]
[SourceQuality "1"]

1. e4 g6 2. d4 Bg7 3. Nc3 d6 4. Be3 a6 5. Qd2 b5 6. a3 Nd7 7. f3 Bb7 8. Nge2 Nb6 9. Ng3 d5 10. e5 Bc8 11. h4 h5 12. 0-0-0 Bh6 13. Bxh6 Nxh6 14. Bd3 Nc4 15. Qf4 c6 16. Rhe1 Be6 17. Nf1 Bf5 18. Bxf5 Nxf5 19. g4 Ng7 20. gxh5 Ne6 21. Qg4 Rxh5 22. Ng3 Rh8 23. f4 Ng7 24. Rd3 e6 25. Rh1 Qe7 26. h5 b4 27. Nb1 a5 28. hxg6 Rxh1+ 29. Nxh1 0-0-0 30. gxf7 Qxf7 31. Ng3 Rh8 32. axb4 axb4 33. b3 Na5 34. Nd2 Rf8 35. Rf3 Nb7 36. Ndf1 c5 37. dxc5 Nxc5 38. Ne3 Kb7 39. f5 Qc7 40. Qxb4+ Kc8 41. f6 Nd3+ 0-1

[Event "Heusenstamm Sparkassen op-B 5th"]
[Site "Heusenstamm"]
[Date "2018.11.25"]
[Round "6"]
[White "Schmid, Leon"]
[Black "Goodwin, David"]
[Result "1/2-1/2"]
[WhiteElo "1260"]
[BlackElo "1549"]
[PlyCount "45"]
[EventDate "2018.11.22"]
[EventType "swiss"]
[EventRounds "7"]
[EventCountry "GER"]
[SourceTitle "CBM 187 Extra"]
[Source "ChessBase"]
[SourceDate "2018.11.04"]
[SourceVersion "1"]
[SourceVersionDate "2018.11.04"]
[SourceQuality "1"]

1. e4 g6 2. Nf3 Bg7 3. Nc3 d6 4. d4 a6 5. h3 Nd7 6. Be3 b5 7. b4 c5 8. a3 cxb4 9. axb4 Bb7 10. Bd3 Ngf6 11. 0-0 Qc7 12. Bd2 Nb6 13. Re1 Nc4 14. Ra2 Nxd2 15. Qxd2 0-0 16. Nd1 Nd7 17. c3 Nb6 18. Qe2 Rfc8 19. Nd2 Qd7 20. Nb3 Na4 21. Rc2 Rf8 22. Na5 e6 23. Qe3 1/2-1/2

[Event "Heusenstamm Sparkassen op-B 5th"]
[Site "Heusenstamm"]
[Date "2018.11.22"]
[Round "1"]
[White "Goodwin, David"]
[Black "Doell Hentschker, Susanne"]
[Result "1-0"]
[WhiteElo "1549"]
[BlackElo "1148"]
[PlyCount "77"]
[EventDate "2018.11.22"]
[EventType "swiss"]
[EventRounds "7"]
[EventCountry "GER"]
[SourceTitle "CBM 187 Extra"]
[Source "ChessBase"]
[SourceDate "2018.11.04"]
[SourceVersion "1"]
[SourceVersionDate "2018.11.04"]
[SourceQuality "1"]

1. Nf3 d5 2. g3 Nf6 3. Bg2 h6 4. d3 Bf5 5. Nbd2 Nbd7 6. b4 c6 7. Bb2 e6 8. a3 Bd6 9. c4 a5 10. cxd5 exd5 11. bxa5 Qxa5 12. Qc1 0-0 13. 0-0 Rfe8 14. Re1 Qa4 15. h3 c5 16. Nh4 Be6 17. e3 Rac8 18. Qb1 b5 19. e4 Ne5 20. Nf5 Bxf5 21. exf5 c4 22. dxc4 dxc4 23. Ne4 Nxe4 24. Bxe4 f6 25. Bc3 Bxa3 26. Bd5+ Kf8 27. Rxa3 Qxa3 28. Bb4+ Qxb4 29. Qxb4+ Re7 30. Rxe5 fxe5 31. Qxb5 c3 32. Bb3 Rec7 33. Qb4+ Rc5 34. Bc2 Ke8 35. Qg4 Rd8 36. Qg6+ Kf8 37. f6 Rd7 38. fxg7+ Rxg7 39. Qd6+ 1-0

[Event "Eschborn op"]
[Site "Eschborn"]
[Date "2018.10.06"]
[Round "4"]
[White "Modric, Vladimir"]
[Black "Goodwin, David"]
[Result "1-0"]
[WhiteElo "1810"]
[BlackElo "1444"]
[PlyCount "89"]
[EventDate "2018.10.05"]
[EventType "swiss"]
[EventRounds "5"]
[EventCountry "GER"]
[SourceTitle "CBM 187 Extra"]
[Source "ChessBase"]
[SourceDate "2018.11.04"]
[SourceVersion "1"]
[SourceVersionDate "2018.11.04"]
[SourceQuality "1"]

1. Nf3 g6 2. g3 Bg7 3. Bg2 d6 4. 0-0 Nf6 5. d3 0-0 6. e4 e5 7. Nc3 Nc6 8. h3 Bd7 9. Be3 Qc8 10. Kh2 Nh5 11. Nh4 Ne7 12. f4 exf4 13. gxf4 c6 14. d4 f5 15. e5 dxe5 16. dxe5 Be6 17. Nf3 Nd5 18. Nxd5 Bxd5 19. Qe2 Bh6 20. Nd4 Bf7 21. Rad1 Rd8 22. b3 a6 23. c4 c5 24. Nc2 Rb8 25. Bd5 b6 26. Bc1 Re8 27. Qf3 Qc7 28. Rg1 Kf8 29. Ne1 Bg7 30. Bb2 Be6 31. Ng2 Bh6 32. Rd3 Qg7 33. Rgd1 Qc7 34. Bxe6 Rxe6 35. Rd7 Qc6 36. R1d5 Rbe8 37. Rxh7 Bg7 38. Rxh5 gxh5 39. Qxh5 R8e7 40. Rd8+ Re8 41. Qxf5+ Ke7 42. Rd6 Qc8 43. Nh4 Rh8 44. Qg5+ Kf8 45. Rd8+ 1-0

[Event "Rhein Main op-B 21st"]
[Site "Bad Homburg"]
[Date "2018.05.30"]
[Round "1"]
[White "Goodwin, David"]
[Black "Lebermann, Hellmuth"]
[Result "0-1"]
[WhiteElo "1518"]
[BlackElo "1865"]
[PlyCount "84"]
[EventDate "2018.05.30"]
[EventType "swiss"]
[EventRounds "7"]
[EventCountry "GER"]
[SourceTitle "EXT 2019"]
[Source "ChessBase"]
[SourceDate "2018.10.10"]
[SourceVersion "1"]
[SourceVersionDate "2018.10.10"]
[SourceQuality "1"]

1. Nf3 Nf6 2. g3 d5 3. d3 g6 4. Bg2 Bg7 5. Nbd2 c6 6. 0-0 0-0 7. c4 Re8 8. cxd5 cxd5 9. Qb3 Nc6 10. e4 e5 11. Re1 Rb8 12. exd5 Na5 13. Qd1 Nxd5 14. Nc4 Nc6 15. Bg5 f6 16. Bc1 Ndb4 17. d4 b5 18. Ne3 Nxd4 19. Nxd4 Qxd4 20. Bd5+ Nxd5 21. Nxd5 Qxd1 22. Rxd1 Bg4 23. Re1 Kf7 24. Be3 Rb7 25. Rac1 Rc8 26. Rxc8 Bxc8 27. a3 Be6 28. Nc3 f5 29. Rd1 a5 30. Bc1 e4 31. Ne2 Rc7 32. h4 Bb3 33. Rd8 Bf6 34. Rd6 Rc2 35. Rd7+ Ke8 36. Rd6 Rxe2 37. Bg5 Bxg5 38. hxg5 Rxb2 39. Rb6 Bd1 40. Rb8+ Kd7 41. Rb7+ Kc6 42. Rxh7 Bf3 0-1

[Event "Hessen-chC"]
[Site "Frankfurt"]
[Date "2018.05.13"]
[Round "7"]
[White "Bernath, Markus"]
[Black "Goodwin, David"]
[Result "1/2-1/2"]
[WhiteElo "1224"]
[BlackElo "1539"]
[PlyCount "61"]
[EventDate "2018.05.10"]
[EventType "swiss"]
[EventRounds "7"]
[EventCountry "GER"]
[SourceTitle "EXT 2019"]
[Source "ChessBase"]
[SourceDate "2018.10.10"]
[SourceVersion "1"]
[SourceVersionDate "2018.10.10"]
[SourceQuality "1"]

1. e4 g6 2. d4 Bg7 3. Nc3 a6 4. f4 d6 5. e5 dxe5 6. fxe5 c5 7. Be3 Nh6 8. Bxh6 Bxh6 9. dxc5 Qc7 10. Qd4 Bg7 11. Nf3 Nc6 12. Qc4 Be6 13. Qh4 Nxe5 14. Nxe5 Qxe5+ 15. Qe4 Rd8 16. Qxe5 Bxe5 17. Na4 0-0 18. Bd3 Bf4 19. 0-0 Be3+ 20. Kh1 Rd5 21. Bc4 Re5 22. Bxe6 fxe6 23. Rxf8+ Kxf8 24. Nb6 Rf5 25. b4 Ke8 26. g4 Rf2 27. c4 Bd4 28. Rd1 e5 29. a4 Rb2 30. Nd5 Kd7 31. b5 1/2-1/2

[Event "Hessen-chC"]
[Site "Frankfurt"]
[Date "2018.05.12"]
[Round "5"]
[White "Gertel, Josef"]
[Black "Goodwin, David"]
[Result "0-1"]
[WhiteElo "1227"]
[BlackElo "1539"]
[PlyCount "72"]
[EventDate "2018.05.10"]
[EventType "swiss"]
[EventRounds "7"]
[EventCountry "GER"]
[SourceTitle "EXT 2019"]
[Source "ChessBase"]
[SourceDate "2018.10.10"]
[SourceVersion "1"]
[SourceVersionDate "2018.10.10"]
[SourceQuality "1"]

1. e4 g6 2. Nf3 Bg7 3. d4 d6 4. Nc3 a6 5. a3 Nd7 6. Bc4 e6 7. 0-0 b5 8. Ba2 Bb7 9. Re1 Ne7 10. d5 e5 11. Be3 0-0 12. Qd2 Nf6 13. Bg5 Qd7 14. Bxf6 Bxf6 15. Ne2 Bg7 16. Ng3 f5 17. exf5 Nxf5 18. c4 Bh6 19. Qd3 Nxg3 20. fxg3 bxc4 21. Qxc4 a5 22. Rab1 Ba6 23. Qc6 Qc8 24. b4 Rb8 25. bxa5 Rxb1 26. Rxb1 Be3+ 27. Kh1 e4 28. Qc3 exf3 29. Qxe3 fxg2+ 30. Kxg2 Re8 31. Qb3 Re2+ 32. Kg1 Re8 33. Qf3 Be2 34. Qf6 Bd3 35. Rb2 Qh3 36. Rb1 Bxb1 0-1

[Event "Hessen-chC"]
[Site "Frankfurt"]
[Date "2018.05.12"]
[Round "6"]
[White "Goodwin, David"]
[Black "Droeser, Wolfgang"]
[Result "1-0"]
[WhiteElo "1539"]
[BlackElo "1420"]
[PlyCount "93"]
[EventDate "2018.05.10"]
[EventType "swiss"]
[EventRounds "7"]
[EventCountry "GER"]
[SourceTitle "EXT 2019"]
[Source "ChessBase"]
[SourceDate "2018.10.10"]
[SourceVersion "1"]
[SourceVersionDate "2018.10.10"]
[SourceQuality "1"]

1. Nf3 d6 2. g3 g6 3. Bg2 Bg7 4. d3 c6 5. 0-0 Qc7 6. Nbd2 e5 7. c4 Na6 8. a3 Ne7 9. Rb1 Bd7 10. b4 b5 11. cxb5 cxb5 12. Nxe5 Bc6 13. Nxc6 Nxc6 14. Nb3 Rb8 15. Be3 Nd8 16. Rc1 Qd7 17. Na5 d5 18. Qb3 Nc7 19. Bxa7 Ra8 20. Bb6 0-0 21. Bh3 Nde6 22. Rxc7 Qe8 23. Bxe6 Qxe6 24. Be3 Rad8 25. Rc2 f5 26. Bc5 Rf7 27. e3 h5 28. Qa2 Bf6 29. Re2 h4 30. Bd4 Be7 31. Nb7 Rd7 32. Nc5 Bxc5 33. Bxc5 Rh7 34. e4 f4 35. exd5 Qg4 36. d6+ Kg7 37. Qb2+ Kh6 38. Qd2 Rdf7 39. f3 Qg5 40. g4 Qd5 41. Re4 h3 42. Rxf4 Kg7 43. Rxf7+ Qxf7 44. Qe3 Qa2 45. Qf2 Qxa3 46. d7 Qxd3 47. Qd4+ 1-0

[Event "Hessen-chC"]
[Site "Frankfurt"]
[Date "2018.05.11"]
[Round "3"]
[White "Goodwin, David"]
[Black "Graef, Britta"]
[Result "1-0"]
[WhiteElo "1539"]
[BlackElo "856"]
[PlyCount "61"]
[EventDate "2018.05.10"]
[EventType "swiss"]
[EventRounds "7"]
[EventCountry "GER"]
[SourceTitle "EXT 2019"]
[Source "ChessBase"]
[SourceDate "2018.10.10"]
[SourceVersion "1"]
[SourceVersionDate "2018.10.10"]
[SourceQuality "1"]

1. Nf3 d6 2. g3 g6 3. Bg2 Bg7 4. d3 Nf6 5. Nbd2 0-0 6. 0-0 Nbd7 7. c4 c6 8. Rb1 Rb8 9. b4 b5 10. Nd4 Rb6 11. Nxc6 Qc7 12. Na5 Ne5 13. a3 d5 14. cxd5 Nxd5 15. Bxd5 Rd6 16. Bg2 a6 17. Bb2 Bf5 18. Ne4 Re6 19. Rc1 Qb6 20. Nc5 Rd6 21. Qb3 Bg4 22. f3 Bh6 23. Rc2 Be3+ 24. Kh1 Rf6 25. Bxe5 Rf5 26. fxg4 Rxe5 27. Nd7 Qe6 28. Qxe6 fxe6 29. Rxf8+ Kg7 30. Rcc8 Rd5 31. Bxd5 1-0